000 00717nam a2200241Ia 4500
003 OSt
005 20220918164513.0
006 a|||||r|||| 00| 0
007 ta
008 220917b |||||||| |||| 00| 0 eng d
020 _a0631224122 (pbk)
024 _a158,564
037 _cTextual
040 _aARTS
_cARTS
_beng
041 _2eng
_aeng
082 _aWv3.N5, P0 (SC)
245 0 _aBritish political science
_b fifty years of political studies edited by Patrick Dunleavy, P.J. Kelly and Michael Moran
260 _aOxford
_bBlackwell Publishers
_c2000
300 _avi, 223p.
_ccm.
650 _aPOLITICAL SCIENCE
942 _hWv3.N5, P0 (SC)
_cTEXL
_2CC
999 _c125104
_d125104